Betting the inner-city farm (Record no. 121075)

MARC details
000 -LEADER
fixed length control field 00752nas a22002177a 4500
001 - CONTROL NUMBER
control field K121075
007 - PHYSICAL DESCRIPTION FIXED FIELD--GENERAL INFORMATION
fixed length control field ta
008 - FIXED-LENGTH DATA ELEMENTS--GENERAL INFORMATION
fixed length control field 190808b2019 ||||| |||| 00| 0 eng d
041 ## - LANGUAGE CODE
Language code of text/sound track or separate title eng
100 ## - MAIN ENTRY--PERSONAL NAME
Personal author DeBrito, Meg
245 ## - TITLE STATEMENT
Title Betting the inner-city farm
260 ## - PUBLICATION INFORMATION
Date 2019
490 ## - SERIES TITLE
Series statement RICS Modus
Volume July/August 2019, 7(1)
520 ## - ABSTRACT
Abstract Examines whether urban agriculture can be a viable way to improve crop resilience and lower emissions or are the challenges of growing enough crops to support cities too great.
650 ## - KEYWORDS
Keywords inner-city farms
650 ## - KEYWORDS
Keywords cities
650 ## - KEYWORDS
Keywords sustainability
651 ## - SUBJECT ADDED ENTRY--GEOGRAPHIC NAME
Geographic name United Kingdom 1973
690 ## - LOCAL SUBJECT ADDED ENTRY--TOPICAL TERM (OCLC, RLIN)
9 (RLIN) 6268
Topical term or geographic name as entry element Rural
856 ## - ONLINE RESOURCE
Uniform Resource Identifier https://issuu.com/ricsmodus/docs/modus_julaug19
Link text Available free online via Issuu
Holdings
Withdrawn status Lost status Damaged status Not for loan Home library Current library Shelving location Date acquired Total Checkouts Date last seen Price effective from Koha item type
        Virtual Virtual Online 08/08/2019   08/08/2019 08/08/2019 News article